000 00522nam a2200169 i 4500
001 bg
100 1 _aDERDZIŃSKI, Andrzej
245 0 _aPewne zastosowanie teorii wiązek /
_cAndrzej Derdziński.
260 _aWrocław,
_c1975.
490 1 _aPrace Naukowe Instytutu Matematyki Politechnik Wrocławskiej ;
_vnr 13
830 _aPrace Naukowe Instytutu Matematyki Politechnik Wrocławskiej ;
040 _cBPK
041 _apol
080 _a514.763:512.72
942 _cKS
008 s pl f |000 0 pol
999 _c16303
_d16303
856 _uhttp://koha.tu.koszalin.pl/cgi-bin/koha/opac-detail.pl?biblionumber=16303
_yKatalog online BPK